000 00385nam a2200181Ia 4500
005 20240823034959.0
008 240823s9999||||xx |||||||||||||| ||und||
041 _aENGLISH
082 _A823.914 P4
100 _aCoetzee J M
245 0 _aDusklands
250 _a1st
260 _c2004
_bVintage
500 _aYES
650 _aNovel
_bEnglish
942 _cBK
999 _c199590
_d199590